| 000 | 00691nam a2200253 a 4500 | ||
|---|---|---|---|
| 003 | AR-BaBNM | ||
| 005 | 20251128210226.0 | ||
| 008 | 082120s2002 ||||||||||||||000 | spa|| | ||
| 020 | _a950-515-819-X | ||
| 040 | _cAR-BaBNM | ||
| 100 | 1 | _aLerner, Lidia | |
| 245 | 0 | 0 |
_aLos chicos dicen muchas gracias _bverdades y disparates |
| 260 |
_aBuenos Aires _bEdiciones de la Flor _c1998 |
||
| 300 |
_a209 p. _bil. |
||
| 650 | 4 | _aNIÑEZ | |
| 650 | 4 | _aLENGUAJE DEL NIÑO | |
| 650 | 4 | _aPENSAMIENTO LOGICO | |
| 650 | 4 | _aPROCESO DEL PENSAMIENTO | |
| 653 | _aNIVEL INICIAL | ||
| 653 | _aPRIMER CICLO DE LA EGB | ||
| 700 | 1 |
_aTonucci, Francesco _eprologuista |
|
| 942 | _cBK | ||
| 998 | _cRaquel | ||
| 999 |
_c14580 _d14580 |
||